| Tag |
First Indicator |
Second Indicator |
Subfields |
| LEADER |
00000cam a2200000 4500 |
| 001 |
in00000720149 |
| 005 |
20151016055625.0 |
| 008 |
720830s1955 maua 00000 eng u |
| 010 |
|
|
|a 54009774
|
| 035 |
|
|
|a (OCoLC)00396072
|
| 035 |
|
|
|9 ADC7772AM
|
| 040 |
|
|
|c WSU
|d TXA
|d UtOrBLW
|
| 049 |
|
|
|a TXAM
|c [253509]
|
| 050 |
|
0 |
|a DP583
|b .D8
|
| 092 |
|
|
|a 946.9
|b D858s
|
| 100 |
1 |
|
|a Duffy, James,
|d 1923-
|
| 245 |
1 |
0 |
|a Shipwreck & empire :
|b being an account of Portuguese maritime disasters in a century of decline.
|
| 264 |
|
1 |
|a Cambridge :
|b Harvard University Press,
|c 1955.
|
| 300 |
|
|
|a 198 pages :
|b illustrations ;
|c 22 cm.
|
| 336 |
|
|
|a text
|b txt
|2 rdacontent
|
| 337 |
|
|
|a unmediated
|b n
|2 rdamedia
|
| 338 |
|
|
|a volume
|b nc
|2 rdacarrier
|
| 600 |
1 |
0 |
|a Brito, Bernardo Gomes de,
|d 1688-1760?.
|t Historia tragicomaritima.
|
| 650 |
|
0 |
|a Shipwrecks.
|
| 651 |
|
0 |
|a Portugal
|x History
|y Period of discoveries, 1385-1580.
|
| 651 |
|
0 |
|a Portugal
|x History
|y Spanish dynasty, 1580-1640.
|
| 999 |
|
|
|a MARS
|
| 999 |
f |
f |
|s 6c0fbf60-4166-3ae3-a915-74b5c9f3a4bd
|i 96eb69e3-6f86-320b-8502-57780998db33
|t 0
|
| 952 |
f |
f |
|p normal
|a Texas A&M University
|b College Station
|c Sterling C. Evans Library
|d Evans: Library Stacks
|t 0
|e DP583 D8
|h Library of Congress classification
|i unmediated -- volume
|m A14801493300
|
| 998 |
f |
f |
|a DP583 D8
|t 0
|l Evans: Library Stacks
|